足立区の町名 - Statistics

General Stats
  • This quiz has been taken 40 times
  • The average score is 22 of 86
Answer Stats
Answer % Correct
千住
92%
西新井
81%
綾瀬
73%
竹の塚
65%
梅島
62%
舎人
62%
六町
58%
青井
54%
鹿浜
50%
足立
46%
江北
46%
花畑
46%
谷在家
42%
島根
38%
西綾瀬
38%
保木間
38%
伊興
35%
梅田
35%
35%
小台
35%
千住桜木
35%
入谷
31%
加平
31%
千住緑町
31%
舎人公園
31%
古千谷
27%
西新井栄町
27%
西伊興
27%
東綾瀬
27%
本木
27%
新田
23%
関原
23%
千住仲町
23%
中央本町
23%
西新井本町
23%
西竹の塚
23%
西保木間
23%
東伊興
23%
東保木間
23%
六月
23%
栗原
19%
古千谷本町
19%
皿沼
19%
千住曙町
19%
千住旭町
19%
千住元町
19%
中川
19%
西加平
19%
日ノ出町
19%
南花畑
19%
宮城
19%
六木
19%
柳原
19%
伊興本町
15%
弘道
15%
千住河原町
15%
千住寿町
15%
千住関屋町
15%
千住中居町
15%
千住柳町
15%
椿
15%
一ツ家
15%
本木北町
15%
本木西町
15%
本木東町
15%
本木南町
15%
谷中
15%
大谷田
12%
興野
12%
加賀
12%
神明
12%
千住大川町
12%
千住龍田町
12%
千住宮元町
12%
堀之内
12%
北加平町
8%
佐野
8%
神明南
8%
千住東
8%
千住橋戸町
8%
辰沼
8%
舎人町
8%
東六月町
8%
平野
8%
西伊興町
4%
保塚町
4%
No matching quizzes found
Score Distribution
Percent of People with Each Score
Percentile by Number Answered
Your Score History
You have not taken this quiz